[Event "8th ITLukavac 2019"]
[Site "Lukavac, hotel Lukavac"]
[Date "2019.11.24"]
[Round "5"]
[Board "10"]
[White "Bajramovic, Halid"]
[Black "Lipovcic, Marko"]
[Result "1/2-1/2"]
[WhiteElo "2066"]
[BlackElo "2167"]
[PlyCount "79"]
[EventDate "2019.11.22"]
[EventRounds "7"]
[EventCountry "BIH"]

1. d4 d5 2. Nf3 Nf6 3. g3 Bf5 4. Bg2 e6 5. O-O h6 6. c4 c6 7. b3 Nbd7 8. Bb2
Be7 9. Nbd2 O-O 10. Ne5 Nxe5 11. dxe5 Nd7 12. e4 dxe4 13. Nxe4 Qc7 14. Nd6 Rfd8
15. Nxf5 exf5 16. Qh5 Nxe5 17. Qxf5 Nd3 18. Bc3 Bb4 19. Bxb4 Nxb4 20. a3 Na6
21. b4 Qc8 22. Qf4 Nc7 23. a4 Ne6 24. Qe3 Rd4 25. Rfc1 Qf8 26. Bh3 Qd6 27. c5
Qd5 28. Bg2 Qd7 29. b5 Ng5 30. a5 Re8 31. Qb3 Nh3+ 32. Bxh3 Qxh3 33. Qf3 Rh4
34. Qh1 Rh5 35. a6 bxa6 36. bxc6 Re7 37. Rxa6 Rxc5 38. Raa1 Qf5 39. Rxc5 Qxc5
40. Qf3  1/2-1/2

[Event "8th ITLukavac 2019"]
[Site "Lukavac, hotel Lukavac"]
[Date "2019.11.24"]
[Round "5"]
[Board "11"]
[White "Kuzmanovic, Slobodan"]
[Black "Imamovic, Samir"]
[Result "1-0"]
[WhiteElo "2144"]
[BlackElo "1954"]
[PlyCount "45"]
[EventDate "2019.11.22"]
[EventRounds "7"]
[EventCountry "BIH"]

1. e4 e6 2. d4 d5 3. Nc3 dxe4 4. Nxe4 Nf6 5. Nxf6+ Qxf6 6. Nf3 h6 7. c3 Bd6 8.
Bd3 a6 9. Qe2 Nc6 10. O-O g5 11. Re1 g4 12. Ne5 Bxe5 13. dxe5 Qg7 14. Bf4 Ne7
15. Bg3 Ng6 16. Bxg6 fxg6 17. Qxg4 Bd7 18. Qd4 O-O-O 19. Qa7 c6 20. f3 Kc7 21.
Bf2 Rb8 22. Bc5 Rbe8 23. Bd6+  1-0

[Event "8th ITLukavac 2019"]
[Site "Lukavac, hotel Lukavac"]
[Date "2019.11.24"]
[Round "5"]
[Board "12"]
[White "Janjic, Nikola"]
[Black "Terzic, Ilijas"]
[Result "0-1"]
[WhiteElo "1896"]
[BlackElo "2120"]
[PlyCount "28"]
[EventDate "2019.11.22"]
[EventRounds "7"]
[EventCountry "BIH"]

1. c4 e6 2. Nc3 d5 3. cxd5 exd5 4. d4 Nf6 5. Bg5 Nbd7 6. Nxd5 Nxd5 7. Bxd8 Bb4+
8. Qd2 Bxd2+ 9. Kxd2 Kxd8 10. e4 N5f6 11. e5 Nd5 12. Bc4 N7b6 13. b3 Be6 14.
Ne2 Ke7  0-1

[Event "8th ITLukavac 2019"]
[Site "Lukavac, hotel Lukavac"]
[Date "2019.11.24"]
[Round "5"]
[Board "13"]
[White "Markovic, Dino"]
[Black "Tomic, Jelena"]
[Result "1-0"]
[WhiteElo "2119"]
[BlackElo "1961"]
[PlyCount "103"]
[EventDate "2019.11.22"]
[EventRounds "7"]
[EventCountry "BIH"]

1. d4 Nf6 2. c4 e6 3. Nc3 d5 4. Nf3 Be7 5. cxd5 exd5 6. Bf4 c6 7. e3 Bf5 8. Bd3
Bxd3 9. Qxd3 Nbd7 10. h3 O-O 11. O-O Re8 12. a3 Nb6 13. Nd2 a5 14. Rfe1 Bf8 15.
Rad1 Re6 16. f3 Qd7 17. e4 dxe4 18. fxe4 Rd8 19. Nf3 h6 20. g4 Ree8 21. Kh2 Bd6
22. e5 Bb8 23. Bg3 Nh7 24. Ne4 Nf8 25. Bh4 Rc8 26. Qb3 Bc7 27. g5 h5 28. Ng3 g6
29. Ne4 Nd5 30. Nf6+ Nxf6 31. gxf6 Ne6 32. Qe3 Kh7 33. Ng5+ Nxg5 34. Bxg5 Qe6
35. Qg3 Rh8 36. Be3 c5 37. Qg5 Kg8 38. Bf4 cxd4 39. Rxd4 Bb6 40. Rd6 Rc2+ 41.
Bd2 Qf5 42. Qxf5 gxf5 43. Rxb6 Rxd2+ 44. Kg3 Rd7 45. Kf4 Rh6 46. Rg1+ Rg6 47.
Rxg6+ fxg6 48. e6 Rc7 49. Kg5 Kf8 50. Kxg6 f4 51. e7+ Ke8 52. Re6  1-0

[Event "8th ITLukavac 2019"]
[Site "Lukavac, hotel Lukavac"]
[Date "2019.11.24"]
[Round "5"]
[Board "14"]
[White "Imamovic, Smajl"]
[Black "Acimovic, Radivoje"]
[Result "0-1"]
[WhiteElo "1890"]
[BlackElo "2077"]
[PlyCount "74"]
[EventDate "2019.11.22"]
[EventRounds "7"]
[EventCountry "BIH"]

1. e4 c5 2. Nf3 e6 3. Nc3 a6 4. a4 Nc6 5. Bc4 Nge7 6. d3 g6 7. O-O Bg7 8. Ng5
O-O 9. f4 d5 10. Ba2 Nb4 11. Bb3 Rb8 12. Qe2 b5 13. axb5 axb5 14. exd5 exd5 15.
Na2 Nbc6 16. c3 b4 17. Qd1 bxc3 18. bxc3 c4 19. Bc2 cxd3 20. Bxd3 d4 21. c4 Bf5
22. Ba3 Re8 23. Rb1 Bxd3 24. Qxd3 Nf5 25. Nb4 Nxb4 26. Bxb4 Re3 27. Qd2 Qe8 28.
Bc5 Rc8 29. Rb5 h6 30. Nf3 Qe4 31. Ra5 Re2 32. Qd1 d3 33. Bf2 Qxc4 34. Ne5 Bxe5
35. fxe5 Re8 36. Qa1 Qe4 37. h3 Ne3  0-1

[Event "8th ITLukavac 2019"]
[Site "Lukavac, hotel Lukavac"]
[Date "2019.11.24"]
[Round "5"]
[Board "15"]
[White "Mitrovic, Jovica"]
[Black "Pleh, Semir"]
[Result "0-1"]
[WhiteElo "2076"]
[BlackElo "1815"]
[PlyCount "64"]
[EventDate "2019.11.22"]
[EventRounds "7"]
[EventCountry "BIH"]

1. e4 c5 2. Nf3 Nc6 3. d4 cxd4 4. Nxd4 Nf6 5. Nc3 a6 6. Be3 e5 7. Nb3 Bb4 8.
Qd3 O-O 9. Be2 d5 10. exd5 Nxd5 11. Bd2 Be6 12. Nxd5 Bxd2+ 13. Qxd2 Bxd5 14. f3
Bxb3 15. Qxd8 Rfxd8 16. axb3 Rd6 17. Rd1 Rad8 18. Kf2 Rd2 19. Ke3 Rxc2 20.
Rxd8+ Nxd8 21. Rd1 Ne6 22. Rd7 Rc7 23. Rd6 Kf8 24. Bc4 Ke7 25. Rb6 Nc5 26. g4
g6 27. g5 Nd7 28. Rb4 f5 29. Bg8 Kf8 30. Bd5 b5 31. f4 Nb6 32. Bf3 e4  0-1

[Event "8th ITLukavac 2019"]
[Site "Lukavac, hotel Lukavac"]
[Date "2019.11.24"]
[Round "5"]
[Board "16"]
[White "Ozkurt, Kutay"]
[Black "Jovovic, Milan"]
[Result "1-0"]
[WhiteElo "1708"]
[BlackElo "2061"]
[PlyCount "85"]
[EventDate "2019.11.22"]
[EventRounds "7"]
[EventCountry "BIH"]

1. e4 e6 2. d4 d5 3. Nd2 Nf6 4. e5 Nfd7 5. Ngf3 c5 6. c3 Nc6 7. Bd3 cxd4 8.
cxd4 Qb6 9. O-O Nxd4 10. Nxd4 Qxd4 11. Nf3 Qb6 12. Qa4 Qb4 13. Qc2 Qc5 14. Qa4
a6 15. Be3 b5 16. Qg4 Qc7 17. Bd4 Bb7 18. Rac1 Qd8 19. Ng5 g6 20. Qf4 Qe7 21.
Rc7 Kd8 22. Rxb7 Kc8 23. Nxf7 Kxb7 24. Nxh8 Bg7 25. Qf7 Qxf7 26. Nxf7 Rf8 27.
Nd6+ Kb8 28. f4 Kc7 29. Rc1+ Kd8 30. Rc8+ Ke7 31. Rxf8 Kxf8 32. a4 bxa4 33.
Bxa6 g5 34. Bb5 Ke7 35. Bxd7 Kxd7 36. fxg5 Bf8 37. h4 Bxd6 38. exd6 Kxd6 39.
Kf2 e5 40. Ke3 Ke6 41. g4 Kd6 42. h5 Ke6 43. Bxe5  1-0

[Event "8th ITLukavac 2019"]
[Site "Lukavac, hotel Lukavac"]
[Date "2019.11.24"]
[Round "5"]
[Board "18"]
[White "Mesic, Ismet"]
[Black "Sakic, Dino"]
[Result "1-0"]
[WhiteElo "1964"]
[BlackElo "1801"]
[PlyCount "87"]
[EventDate "2019.11.22"]
[EventRounds "7"]
[EventCountry "BIH"]

1. d4 Nf6 2. c4 e6 3. Nf3 d5 4. Nc3 Be7 5. Bf4 O-O 6. e3 b6 7. cxd5 exd5 8. h3
Be6 9. Bd3 h6 10. O-O c5 11. Ne5 Nfd7 12. Nxd7 Qxd7 13. dxc5 bxc5 14. Rc1 Rd8
15. Qf3 Nc6 16. Rfd1 Rac8 17. Ba6 Ra8 18. a3 d4 19. Bb5 Rac8 20. Qg3 Qb7 21.
Bxh6 Bf8 22. Bxc6 Qxc6 23. Bg5 Bd6 24. f4 dxc3 25. Bf6 Kf8 26. Qxg7+ Ke8 27.
Bxd8 cxb2 28. Qh8+ Kd7 29. Qxb2 Rxd8 30. Qf6 Kc8 31. h4 Rg8 32. Rd2 Qe4 33. Qc3
Bd5 34. Rcc2 Kb8 35. Qb2+ Ka8 36. Rc3 Bxf4 37. exf4 Qe1+ 38. Kh2 Qxh4+ 39. Kg1
Qe1+ 40. Kh2 Qh4+ 41. Rh3 Qxf4+ 42. Kg1 Qe4 43. Rh8 Re8 44. Rxd5  1-0

[Event "8th ITLukavac 2019"]
[Site "Lukavac, hotel Lukavac"]
[Date "2019.11.24"]
[Round "5"]
[Board "19"]
[White "Barisic, Predrag"]
[Black "Markovic, Rade A"]
[Result "1-0"]
[WhiteElo "2045"]
[BlackElo "1803"]
[PlyCount "97"]
[EventDate "2019.11.22"]
[EventRounds "7"]
[EventCountry "BIH"]

1. d4 e5 2. d5 f5 3. e4 Nf6 4. exf5 Bc5 5. Nc3 d6 6. g4 O-O 7. Bg5 c6 8. Bxf6
Rxf6 9. Ne4 Rf8 10. Nxc5 Qa5+ 11. Qd2 Qxc5 12. O-O-O Bd7 13. Bg2 Na6 14. Nh3
Nb4 15. a3 Nxd5 16. Bxd5+ cxd5 17. Rhe1 d4 18. Ng5 Rac8 19. Ne4 Qc7 20. Kb1 Bc6
21. Ng5 Bd5 22. b3 Qc3 23. f4 Rfe8 24. Qxc3 Rxc3 25. Rxd4 h6 26. Rxd5 hxg5 27.
fxe5 dxe5 28. Rdxe5 Rxe5 29. Rxe5 Kf7 30. Re6 Rh3 31. Rg6 Rxh2 32. Rxg5 Rg2 33.
Rg6 Rd2 34. Kb2 Rd4 35. Kc3 Rf4 36. a4 a5 37. Kd3 Rf3+ 38. Kd4 Rf4+ 39. Ke3 Rb4
40. Kf3 Kf8 41. Rd6 Ke7 42. Rd5 b6 43. Re5+ Kf6 44. Re6+ Kf7 45. Re4 g6 46.
Rxb4 axb4 47. fxg6+ Kxg6 48. Kf4 Kf6 49. Ke4  1-0

[Event "8th ITLukavac 2019"]
[Site "Lukavac, hotel Lukavac"]
[Date "2019.11.24"]
[Round "5"]
[Board "20"]
[White "Colpa, Husein"]
[Black "Mahmutbegovic, Muharem"]
[Result "0-1"]
[WhiteElo "1798"]
[BlackElo "2042"]
[PlyCount "52"]
[EventDate "2019.11.22"]
[EventRounds "7"]
[EventCountry "BIH"]

1. c4 Nf6 2. Nc3 g6 3. d4 Bg7 4. e4 d6 5. Nf3 O-O 6. h3 Nc6 7. Be3 e5 8. d5 Nd4
9. Nxd4 exd4 10. Bxd4 Re8 11. f3 Nh5 12. Ne2 f5 13. exf5 Bxd4 14. Qxd4 Ng3 15.
Rh2 Nxf5 16. Qf4 Ne3 17. Kd2 Qe7 18. g4 Qg7 19. Qd4 Nxf1+ 20. Rxf1 Rxe2+ 21.
Kd3 Qxd4+ 22. Kxd4 Rxh2 23. b4 Bd7 24. a3 Re8 25. c5 Ree2 26. cxd6 cxd6  0-1

[Event "8th ITLukavac 2019"]
[Site "Lukavac, hotel Lukavac"]
[Date "2019.11.24"]
[Round "5"]
[Board "21"]
[White "Mujcinovic, Muharem"]
[Black "Savic, Milorad"]
[Result "0-1"]
[WhiteElo "1770"]
[BlackElo "2005"]
[PlyCount "124"]
[EventDate "2019.11.22"]
[EventRounds "7"]
[EventCountry "BIH"]

1. e4 c5 2. Nc3 Nc6 3. a4 g6 4. Nf3 Bg7 5. d3 Nf6 6. Be2 O-O 7. O-O d6 8. Bd2
a6 9. Qc1 Nb4 10. Nd1 d5 11. e5 Nd7 12. c3 Nc6 13. d4 Na5 14. Ra3 c4 15. Ne3
Nb3 16. Qe1 Nb8 17. Bd1 Nxd2 18. Qxd2 Bh6 19. Qe1 Nc6 20. Nd2 e6 21. f4 f6 22.
Ng4 Bg7 23. exf6 Bxf6 24. Nxf6+ Qxf6 25. Bg4 Bd7 26. Ra1 Rae8 27. b3 b5 28.
axb5 axb5 29. bxc4 bxc4 30. Rb1 Rb8 31. Rxb8 Rxb8 32. Nf3 Rb3 33. Ng5 Nd8 34.
Qh4 h5 35. Bh3 Rxc3 36. Qf2 Rd3 37. Nf3 Qxf4 38. Ne5 Qxf2+ 39. Kxf2 Rxd4 40.
Nxd7 Rf4+ 41. Ke2 Rxf1 42. Kxf1 Kg7 43. Ke2 g5 44. g3 Kg6 45. Ke3 g4 46. Bg2
Kf5 47. h4 Nc6 48. Kd2 Nd4 49. Nc5 Ke5 50. Na4 Nf5 51. Nc3 Nxg3 52. Ne2 Nf5 53.
Kc3 Nxh4 54. Bf1 Nf5 55. Ng1 h4 56. Be2 Kf4 57. Bf1 h3 58. Bxh3 gxh3 59. Nxh3+
Kg4 60. Nf2+ Kg3 61. Nd1 e5 62. Nb2 e4  0-1

[Event "8th ITLukavac 2019"]
[Site "Lukavac, hotel Lukavac"]
[Date "2019.11.24"]
[Round "5"]
[Board "22"]
[White "Pestek, Elvis"]
[Black "Yurdakul, Didem Nuray"]
[Result "1/2-1/2"]
[WhiteElo "1972"]
[BlackElo "1756"]
[PlyCount "31"]
[EventDate "2019.11.22"]
[EventRounds "7"]
[EventCountry "BIH"]

1. e4 c5 2. Nf3 d6 3. d4 cxd4 4. Nxd4 Nf6 5. Nc3 g6 6. Be3 Bg7 7. f3 a6 8. Qd2
h5 9. O-O-O b5 10. Kb1 Bb7 11. Qf2 Nbd7 12. Nb3 Rc8 13. Bd4 Qc7 14. Bd3 Nc5 15.
Rhe1 b4 16. Nd5  1/2-1/2

[Event "8th ITLukavac 2019"]
[Site "Lukavac, hotel Lukavac"]
[Date "2019.11.24"]
[Round "5"]
[Board "23"]
[White "Selimovic, Amir"]
[Black "Mesic, Merim"]
[Result "1-0"]
[WhiteElo "1958"]
[BlackElo "1752"]
[PlyCount "91"]
[EventDate "2019.11.22"]
[EventRounds "7"]
[EventCountry "BIH"]

1. e4 e6 2. d4 d5 3. Nc3 Nf6 4. Bg5 Be7 5. e5 Nfd7 6. h4 h6 7. Bxe7 Qxe7 8. Qg4
O-O 9. f4 a6 10. Nf3 c5 11. O-O-O Nc6 12. dxc5 Nxc5 13. Qh5 Bd7 14. f5 f6 15.
fxe6 Qxe6 16. exf6 Ne4 17. Nxe4 dxe4 18. fxg7 Rf6 19. Qc5 Kxg7 20. Bc4 Qf5 21.
Qxf5 Bxf5 22. Nd4 Nxd4 23. Rxd4 Rc8 24. g4 Bxg4 25. Rg1 h5 26. Rxe4 Rc7 27. Be2
Rf2 28. c3 Kf6 29. Bxg4 hxg4 30. Rexg4 Rh7 31. a4 Re7 32. Rg6+ Kf5 33. Rg7 Re6
34. Rxb7 Kf6 35. h5 Ree2 36. Rg6+ Ke5 37. Re7+ Kd5 38. Rxe2 Rxe2 39. Kb1 Kc4
40. Ka2 a5 41. Rg4+ Kd3 42. Rh4 Kc2 43. h6 Re8 44. h7 Rb8 45. Rh2+ Kc1 46. h8=Q
 1-0

[Event "8th ITLukavac 2019"]
[Site "Lukavac, hotel Lukavac"]
[Date "2019.11.24"]
[Round "5"]
[Board "24"]
[White "Hamzic, Adil"]
[Black "Culum, Sanjin"]
[Result "1-0"]
[WhiteElo "1701"]
[BlackElo "1931"]
[PlyCount "121"]
[EventDate "2019.11.22"]
[EventRounds "7"]
[EventCountry "BIH"]

1. e4 c5 2. Nf3 Nc6 3. d4 cxd4 4. Nxd4 Nf6 5. Nc3 e5 6. Nxc6 bxc6 7. Bd3 Be7 8.
O-O d6 9. Qe2 O-O 10. h3 Ne8 11. f4 Nc7 12. fxe5 dxe5 13. Be3 Ne6 14. Qf2 Bh4
15. Qe2 Bg5 16. Rab1 Bf4 17. Bxf4 Nxf4 18. Qf3 Qg5 19. Kh2 Be6 20. Ne2 Nxe2 21.
Qxe2 Bxa2 22. Ra1 Be6 23. Bc4 Qe7 24. b3 Rfd8 25. Rfd1 Rxd1 26. Rxd1 a5 27.
Bxe6 Qxe6 28. Qd3 g6 29. Qd6 Qxd6 30. Rxd6 Rc8 31. Rd7 Ra8 32. Rc7 Ra6 33. Re7
f6 34. Rc7 Rb6 35. Kg3 Ra6 36. h4 Rb6 37. h5 gxh5 38. Kh4 Rb4 39. Rxc6 Rxe4+
40. Kxh5 Kf7 41. g4 Re2 42. Kh4 Re3 43. Rc5 Kg6 44. Rxa5 Rc3 45. Ra2 h6 46. Rb2
Kf7 47. b4 Ke6 48. b5 Rc7 49. Kh5 Kd5 50. b6 Rb7 51. Kxh6 e4 52. Kg6 e3 53.
Kxf6 e2 54. c4+ Kxc4 55. Rxe2 Rxb6+ 56. Re6 Rb7 57. g5 Kd5 58. g6 Rb1 59. Re5+
Kd6 60. Rf5 Rg1 61. g7  1-0

[Event "8th ITLukavac 2019"]
[Site "Lukavac, hotel Lukavac"]
[Date "2019.11.24"]
[Round "5"]
[Board "25"]
[White "Mulic, Sulejman"]
[Black "Sajin, Mirko"]
[Result "1/2-1/2"]
[WhiteElo "1892"]
[BlackElo "1679"]
[PlyCount "54"]
[EventDate "2019.11.22"]
[EventRounds "7"]
[EventCountry "BIH"]

1. e4 c5 2. c4 g6 3. Nc3 Bg7 4. Nge2 Nc6 5. g3 d6 6. Bg2 Nf6 7. h3 Be6 8. d3 a6
9. a4 Qc7 10. O-O h5 11. f4 Nd4 12. Be3 Nxe2+ 13. Qxe2 Qd7 14. Kh2 O-O 15. a5
Rab8 16. Qf2 Qc7 17. f5 Bd7 18. Qd2 Kh7 19. Bg5 e6 20. Qf4 exf5 21. Qh4 Ng8 22.
Nd5 Qc8 23. Ne7 Nxe7 24. Bxe7 Rh8 25. Bxd6 Ra8 26. Qe7 Re8 27. Qh4 Kg8  1/2-1/2

[Event "8th ITLukavac 2019"]
[Site "Lukavac, hotel Lukavac"]
[Date "2019.11.24"]
[Round "5"]
[Board "26"]
[White "Music, Edin"]
[Black "Habibovic, Hazim"]
[Result "1-0"]
[WhiteElo "1479"]
[BlackElo "1854"]
[PlyCount "67"]
[EventDate "2019.11.22"]
[EventRounds "7"]
[EventCountry "BIH"]

1. e4 d6 2. d4 g6 3. Nc3 Bg7 4. Be3 Nf6 5. f3 O-O 6. Qd2 Nc6 7. h4 Nh5 8. Nge2
e5 9. d5 Ne7 10. g4 Nf6 11. h5 Ne8 12. Ng3 f5 13. gxf5 gxf5 14. h6 Bf6 15. Bg5
f4 16. Bxf6 Rxf6 17. Nge2 Kh8 18. O-O-O Ng8 19. Bh3 Rxh6 20. Bxc8 Rxc8 21. Rxh6
Nxh6 22. Rg1 Qf6 23. Kb1 a6 24. Nc1 Ng7 25. Qh2 Nf7 26. Nd3 Rg8 27. Nf2 h5 28.
Ng4 Qg5 29. Rh1 Nh6 30. Nxh6 Qxh6 31. Qh4 Qg6 32. Ne2 Qg2 33. Rg1 Qxe2 34. Qf6
 1-0

[Event "8th ITLukavac 2019"]
[Site "Lukavac, hotel Lukavac"]
[Date "2019.11.24"]
[Round "5"]
[Board "27"]
[White "Muhibic, Cazim"]
[Black "Hankic, Ramiz"]
[Result "1-0"]
[WhiteElo "1830"]
[BlackElo "1620"]
[PlyCount "91"]
[EventDate "2019.11.22"]
[EventRounds "7"]
[EventCountry "BIH"]

1. e4 d6 2. f4 g6 3. Nf3 Bg7 4. c3 b6 5. d4 Bb7 6. Bd3 Nd7 7. O-O a6 8. Be3 e6
9. Nbd2 Ne7 10. Qc2 c5 11. Nc4 Qc7 12. e5 dxe5 13. fxe5 O-O 14. Nd6 Bxf3 15.
Rxf3 Nxe5 16. dxe5 Bxe5 17. Ne4 Bxh2+ 18. Kh1 Be5 19. Bh6 Rfd8 20. Raf1 Nf5 21.
Bg5 Rf8 22. g4 Ng3+ 23. Nxg3 Bxg3 24. Bf6 Be5 25. g5 Rad8 26. Qe2 Bxf6 27. gxf6
Rd5 28. Rh3 Qe5 29. Qd2 Qg5 30. Qxg5 Rxg5 31. Bxa6 Rd8 32. Rd3 Rgd5 33. Rfd1 h5
34. Rxd5 exd5 35. Bc4 d4 36. a4 Rd6 37. cxd4 cxd4 38. b4 Rxf6 39. Rxd4 Kg7 40.
Rd7 Kh6 41. Rxf7 Rd6 42. a5 Rd4 43. Rc7 bxa5 44. bxa5 Kg5 45. a6 Kh4 46. Bf1
 1-0

[Event "8th ITLukavac 2019"]
[Site "Lukavac, hotel Lukavac"]
[Date "2019.11.24"]
[Round "5"]
[Board "28"]
[White "Manic, Mujo"]
[Black "Smajic, Ervin"]
[Result "1/2-1/2"]
[WhiteElo "1820"]
[BlackElo "1553"]
[PlyCount "22"]
[EventDate "2019.11.22"]
[EventRounds "7"]
[EventCountry "BIH"]

1. d4 d5 2. c4 e6 3. e3 Nf6 4. Nc3 c6 5. cxd5 exd5 6. Bd3 Bb4 7. Nge2 O-O 8.
O-O Be6 9. a3 Bd6 10. f3 Qe7 11. g3 Nbd7  1/2-1/2

[Event "8th ITLukavac 2019"]
[Site "Lukavac, hotel Lukavac"]
[Date "2019.11.24"]
[Round "5"]
[Board "30"]
[White "Mahmutbegovic, Midhat"]
[Black "Zenelaj, Fisnik"]
[Result "1/2-1/2"]
[WhiteElo "2031"]
[BlackElo "1901"]
[PlyCount "68"]
[EventDate "2019.11.22"]
[EventRounds "7"]
[EventCountry "BIH"]

1. e4 c5 2. Nf3 d6 3. d4 cxd4 4. Nxd4 Nf6 5. Nc3 a6 6. Bc4 e6 7. Be3 b5 8. Bd3
Bb7 9. a3 Nbd7 10. f4 Nc5 11. Qf3 Be7 12. O-O-O Rc8 13. g4 Nxd3+ 14. Rxd3 d5
15. e5 Ne4 16. Nce2 Qc7 17. Rhd1 a5 18. Ng3 b4 19. Qf2 bxa3 20. Nxe4 axb2+ 21.
Kb1 dxe4 22. Rb3 Bd5 23. Rxb2 Ba3 24. Nb5 Qe7 25. Nxa3 Qxa3 26. Qd2 O-O 27. Ba7
Rc4 28. Qe3 Rc3 29. Qb6 Qe7 30. Qxa5 Ra3 31. Bc5 Rxa5 32. Bxe7 Rfa8 33. Kc1 Rc8
34. Kd2 h6  1/2-1/2

[Event "8th ITLukavac 2019"]
[Site "Lukavac, hotel Lukavac"]
[Date "2019.11.24"]
[Round "5"]
[Board "31"]
[White "Mahmutbegovic, Nadina"]
[Black "Kustura, Hajrudin"]
[Result "1/2-1/2"]
[WhiteElo "1983"]
[BlackElo "1706"]
[PlyCount "59"]
[EventDate "2019.11.22"]
[EventRounds "7"]
[EventCountry "BIH"]

1. e4 e6 2. d4 d5 3. exd5 exd5 4. Bd3 Nf6 5. Nf3 Bg4 6. O-O Nc6 7. Re1+ Be7 8.
c3 O-O 9. h3 Bh5 10. Bf4 Bd6 11. Bxd6 Qxd6 12. Nbd2 Rae8 13. Qc2 Bg6 14. a3 a6
15. g3 Re7 16. Rxe7 Nxe7 17. Re1 h6 18. Ne5 Bxd3 19. Qxd3 Re8 20. c4 c6 21.
cxd5 cxd5 22. Rc1 Rc8 23. Rxc8+ Nxc8 24. Qc3 Qe6 25. Kg2 Nd6 26. Qc7 Nb5 27.
Qxb7 Nxd4 28. Qb8+ Kh7 29. Qc7 Kg8 30. Qb8+  1/2-1/2

[Event "8th ITLukavac 2019"]
[Site "Lukavac, hotel Lukavac"]
[Date "2019.11.24"]
[Round "5"]
[Board "32"]
[White "Lapo, Safet"]
[Black "Zivkovic, Milenko"]
[Result "1/2-1/2"]
[WhiteElo "1760"]
[BlackElo "1971"]
[PlyCount "155"]
[EventDate "2019.11.22"]
[EventRounds "7"]
[EventCountry "BIH"]

1. d4 Nf6 2. Nf3 e6 3. Bg5 d5 4. e3 Be7 5. c3 O-O 6. Nbd2 Nbd7 7. Bd3 h6 8. Bh4
c5 9. O-O b6 10. Qe2 Bb7 11. Rfd1 Ne4 12. Bxe7 Qxe7 13. Rac1 Rac8 14. Ba6 Nxd2
15. Nxd2 Nf6 16. f3 Bxa6 17. Qxa6 Rc7 18. Qd3 Rfc8 19. a3 e5 20. Nf1 e4 21.
fxe4 c4 22. Qe2 Nxe4 23. Qf3 Rc6 24. Re1 Rf6 25. Qh5 Qd7 26. Rc2 Rf5 27. Qh3
Ng5 28. Qh4 Qe7 29. Qg4 Qe6 30. h3 h5 31. Qh4 Qf6 32. Qg3 h4 33. Qg4 Re8 34.
Nd2 Rf2 35. Rf1 Ne4 36. Rcc1 Rxf1+ 37. Rxf1 Qh6 38. Nxe4 Rxe4 39. Qc8+ Kh7 40.
Qf5+ Qg6 41. Qxd5 Rxe3 42. Qxf7 Re2 43. Qxg6+ Kxg6 44. Rf2 Re1+ 45. Kh2 Rd1 46.
g3 hxg3+ 47. Kxg3 Rg1+ 48. Kf4 Kf6 49. Ke4+ Ke6 50. d5+ Kd6 51. Rf4 b5 52. Rg4
Re1+ 53. Kd4 Rd1+ 54. Ke4 Re1+ 55. Kf3 Re7 56. Rd4 Rf7+ 57. Ke3 g5 58. Rd2 Rf5
59. Rd4 a6 60. h4 gxh4 61. Rxh4 Kxd5 62. Rd4+ Kc5 63. Rd8 Re5+ 64. Kf2 Rf5+ 65.
Kg2 Rd5 66. Rxd5+ Kxd5 67. Kf3 Ke5 68. Ke3 Kd5 69. Kf4 a5 70. Kf5 Kd6 71. Ke4
Kc5 72. Ke5 Kc6 73. Kd4 a4 74. Ke4 Kc5 75. Ke5 Kc6 76. Ke4 Kc5 77. Ke5 Kc6 78.
Kd4  1/2-1/2

[Event "8th ITLukavac 2019"]
[Site "Lukavac, hotel Lukavac"]
[Date "2019.11.24"]
[Round "5"]
[Board "34"]
[White "Hasanovic, Mustafa"]
[Black "Pavicic, Karlo"]
[Result "0-1"]
[WhiteElo "1833"]
[BlackElo "1535"]
[PlyCount "112"]
[EventDate "2019.11.22"]
[EventRounds "7"]
[EventCountry "BIH"]

1. c4 e5 2. Nc3 Nc6 3. e3 Nf6 4. Be2 Be7 5. Nf3 O-O 6. O-O d5 7. cxd5 Nxd5 8.
d4 exd4 9. exd4 Be6 10. h3 h6 11. a3 a6 12. Nxd5 Qxd5 13. Be3 Bf6 14. Rc1 Rfd8
15. Bc4 Qd7 16. Bxe6 Qxe6 17. Re1 Qd7 18. Qb3 Rab8 19. Red1 Qd5 20. Qc2 Rd7 21.
b4 Ne7 22. Qb1 c6 23. Rc5 Qd6 24. Qc1 Ng6 25. Qc2 Rbd8 26. Qf5 Qe6 27. g4 Qxf5
28. gxf5 Ne7 29. Kh1 Rd5 30. Rg1 Kf8 31. Rg4 Nxf5 32. Rf4 Ne7 33. Rxf6 gxf6 34.
Bxh6+ Kg8 35. Be3 Rxc5 36. bxc5 Nd5 37. Nh4 b6 38. cxb6 Nxb6 39. Nf5 Nc4 40.
Ne7+ Kf8 41. Nxc6 Rd6 42. Nb4 Ke8 43. a4 Nb2 44. a5 Nc4 45. Kg2 Nxa5 46. Kf3
Nb3 47. Ke4 Kf8 48. d5 Kg7 49. h4 a5 50. Nc2 Kg6 51. Nd4 Nc5+ 52. Kf4 Rxd5 53.
Nc6 Ne6+ 54. Kg4 f5+ 55. Kf3 Kh5 56. Ne7 Rb5  0-1

[Event "8th ITLukavac 2019"]
[Site "Lukavac, hotel Lukavac"]
[Date "2019.11.24"]
[Round "5"]
[Board "35"]
[White "Skula, Lejla"]
[Black "Miftari, Hedon"]
[Result "1/2-1/2"]
[WhiteElo "1543"]
[BlackElo "1771"]
[PlyCount "57"]
[EventDate "2019.11.22"]
[EventRounds "7"]
[EventCountry "BIH"]

1. d4 Nf6 2. c4 e6 3. Nc3 Bb4 4. Qc2 b6 5. Bg5 Bb7 6. Nf3 h6 7. Bh4 g5 8. Bg3
Ne4 9. h4 Bxc3+ 10. bxc3 Nxg3 11. fxg3 g4 12. Ne5 h5 13. Rb1 d6 14. Nd3 Nd7 15.
e3 Nf6 16. Nf2 Qe7 17. e4 O-O-O 18. Bd3 e5 19. d5 Nd7 20. O-O Nc5 21. Rbe1 Kb8
22. a3 Bc8 23. Nd1 Rdf8 24. Ne3 f6 25. Nf5 Bxf5 26. Rxf5 Qe8 27. Ref1 Rh6 28.
Qd2 Qg6 29. Bc2  1/2-1/2

[Event "8th ITLukavac 2019"]
[Site "Lukavac, hotel Lukavac"]
[Date "2019.11.24"]
[Round "5"]
[Board "36"]
[White "Lukic, Djordje"]
[Black "Bakula, Dalibor"]
[Result "0-1"]
[WhiteElo "1407"]
[BlackElo "1759"]
[PlyCount "120"]
[EventDate "2019.11.22"]
[EventRounds "7"]
[EventCountry "BIH"]

1. e4 c5 2. Nf3 d6 3. c3 Nc6 4. Bc4 Nf6 5. d3 e6 6. O-O Be7 7. Nbd2 O-O 8. h3
a6 9. Bb3 b5 10. Bc2 a5 11. b3 e5 12. c4 b4 13. a3 Bb7 14. Bb2 Ne8 15. Qe2 Nc7
16. a4 Ne6 17. Rfe1 Nf4 18. Qf1 Bc8 19. Kh2 f5 20. exf5 Bxf5 21. Rad1 h6 22.
Ne4 Ra7 23. Ng3 Bg6 24. Bc1 Qd7 25. Bxf4 Rxf4 26. Ne2 Rf8 27. Ng3 Qd8 28. Qe2
Bg5 29. Nxg5 Qxg5 30. Ne4 Qd8 31. Qg4 Bf5 32. Qg3 Raf7 33. Rf1 Nd4 34. Rd2 Kh7
35. h4 Bg6 36. Kh1 Rf4 37. Kg1 Rxh4 38. Bd1 Rhf4 39. Qh3 Bf5 40. Qg3 Qd7 41.
Qh2 Qe7 42. g3 Nf3+ 43. Bxf3 Rxf3 44. Qg2 Bxe4 45. dxe4 Rxb3 46. Qh2 Rbf3 47.
Qh4 Qxh4 48. gxh4 R8f6 49. Kg2 Rc3 50. Rfd1 Rxc4 51. Rxd6 Rxd6 52. Rxd6 b3 53.
Rd1 Rxa4 54. Re1 b2 55. Rb1 Rb4 56. f3 a4 57. Kg3 h5 58. Kh3 a3 59. Kg3 Rb3 60.
Kg2 a2  0-1

[Event "8th ITLukavac 2019"]
[Site "Lukavac, hotel Lukavac"]
[Date "2019.11.24"]
[Round "5"]
[Board "37"]
[White "Muratovic, Adnan"]
[Black "Hrncic, Amer"]
[Result "1-0"]
[WhiteElo "1613"]
[BlackElo "1458"]
[PlyCount "77"]
[EventDate "2019.11.22"]
[EventRounds "7"]
[EventCountry "BIH"]

1. e4 c5 2. Nf3 d6 3. d4 cxd4 4. Nxd4 Nf6 5. Nc3 e6 6. Be3 Be7 7. f3 O-O 8. Qd2
a6 9. O-O-O Qc7 10. Kb1 b5 11. h4 Bb7 12. g4 Nc6 13. Nxc6 Qxc6 14. h5 Rac8 15.
g5 Nd7 16. Bg2 Ne5 17. Bd4 Nc4 18. Qc1 e5 19. Nd5 Rfe8 20. Bc3 Nb6 21. g6 h6
22. gxf7+ Kxf7 23. Bh3 Rb8 24. Nxb6 Qxb6 25. Bf5 Bg5 26. Bg6+ Kg8 27. Bd2 Bxd2
28. Qxd2 Red8 29. Rhg1 d5 30. Qg2 Qc7 31. Bf5 dxe4 32. Rxd8+ Rxd8 33. Qg6 exf3
34. Qh7+ Kf8 35. Qh8+ Ke7 36. Rxg7+ Kd6 37. Qxh6+ Kd5 38. Rxc7 f2 39. Qd2#  1-0